000 02669cam a2200445 a 4500
999 _c10179
_d10179
001 42913267
003 OCoLC
005 20241126110727.0
008 000128s2000 ilu b 001 0 eng
010 _a00024681
020 _a0830815805
_q(USA ;
_qpbk. ;
_qalk. paper)
020 _a9780830815807
_q(USA ;
_qpbk. ;
_qalk. paper)
020 _a0851114660
_q(UK)
020 _a9780851114668
_q(UK)
035 _a(OCoLC)42913267
_z(OCoLC)43509071
_z(OCoLC)770064574
040 _aDLC
_beng
_cDLC
_dJAN
_dDAY
_dUKM
_dMUQ
_dBAKER
_dNLGGC
_dYDXCP
_dBTCTA
_dKAT
_dSOR
_dBDX
_dOCLCF
_dIOO
_dOCLCQ
_dMNLUT
_dRVA
_dOCLCQ
_dNLUKB
_dOCLCQ
_dEXC
_dOCLCO
_dOCL
_dOCLCO
050 0 0 _aBL240.2
_b.R33 2000
082 0 0 _a261.55
_221
_bRAT
100 1 _aRatzsch, Delvin Lee,
_d1945-
_917668
245 1 0 _aScience & its limits :
_bthe natural sciences in Christian perspective /
_cDel Ratzsch
246 3 _aScience and its limits
250 _a2nd ed
260 _aDowners Grove, Ill. :
_bInterVarsity Press,
_c2000
300 _a191 pages ;
_c21 cm
336 _atext
_btxt
_2rdacontent
337 _aunmediated
_bn
_2rdamedia
338 _avolume
_bnc
_2rdacarrier
490 1 _aISSR Library
500 _aRevised edition of: Philosophy of science. c1986
504 _aIncludes bibliographical references (pages 187-189) and index
505 0 _aScience : what is it? -- The traditional conception of science -- Philosophy of science in the 1960s & 1970s : Kuhn & beyond -- The contemporary situation : a brief introduction -- The competence of science : what can it tell us? -- The limitations of science : what can it not tell us? -- "Scientific" challenges to religious belief -- Design & science -- Christianity & scientific pursuits -- Christianity & the specific content of science : a typology -- Speaking the truth in love : some thoughts about feet
520 _aScience, especially naturalistic science, has come under fire of late. No longer does it command the near universal respect it once held. From the right has come a fresh attack on Darwinism and arguments for intelligent design. From the left postmodern theorists have attacked the very notion of objective truth claims, scientific or otherwise
520 _aInto the fray Del Ratzsch breathes a breath of calm. He asks, What is science? What can it tell us? What can't it tell us? What challenges does it offer to Christian faith? How should a Christian respond?
650 0 _aReligion and science
_96213
650 0 _aPhilosophy and science
_917669
650 2 _aReligion and Science
_96213
700 1 _aRatzsch, Delvin Lee,
_d1945-
_tPhilosophy of science
_917670
830 0 _aISSR Library
_917671
942 _2ddc
_cBK
_01